00418 2200157 4500001002100000005001500021035002000036245007200056100001800128300001200146260004600158082000800204084001400212020002200226990001200248INLIS00000000000260120250605022303 a0010-06250001871 aSuper Modul KSN Astronomi 4 :bBank Soal Astronomi /cSofyan Dwi N.0 aSofyan Dwi N. a240 hlm aJakarta :bPT. Jakarta Sains Media,c2022 a520 a520 SOF s a978-623-6111-47-5 a0754851